000 00651nam a22002177a 4500
999 _c17336
_d17336
003 AR-CdUCM
008 190508b ||||| |||| 00| 0 spa d
020 _a1 85383 322 3
040 _aMUNICIPALIDAD PROVINCIAL DEL CUSCO
_cBIBLIOTECA MUNICIPAL DEL CUSCO
041 _heng
082 _a808 /
_bH22
100 _aHart, Roger A
_937300
245 _aChildren“s Participation /
260 _aLondon :
_bUNICEF,
_bEARTHSCAN,
_c1997.
300 _a208 paginas ;
_bIlustraciones, graficos, dibujos,
_c24 cm.
500 _aTexto en ingles
650 _aLiteratura
_983
650 _aLondres
_95033
942 _2ddc
_cLIBROS
945 _apjha
_d2019-05-08